Представление документа в формате RUSMARC

ПолеНазваниеЗначение
  Тип записи a
  Библиографический уровень m
001 Контрольный номер RU/SLIB/B/208751024
005 Дата корректировки 20240109145152.6
010 Индекс ISBN __
d Цена 2-00
100 Данные общей обработки __
a Данные общей обработки 20240109d1988 m y0rusy028902 ca
101 Язык документа 0_
a Язык текста rus
102 Страна публикации __
a Страна публикации RU
105 Кодированные данные (монография) __
a Кодированные данные (монография) a z 000yy
181 Поле кодированных данных: вид содержания _0
a Код вида содержания (ISBD) i
182 Поле кодированных данных: тип средства _0
a Код типа средства (ISBD) n
200 Заглавие и сведения об ответственности 1_
a Заглавие Мой любимый актер
f Первые сведения об ответственности сост. Л. И. Касьянова
b Общее обозначение материала Текст
e Сведения, относящиеся к заглавию писатели, режиссеры, публицисты об актерах кино
210 Выходные данные 1_
a Место издания М.
c Издательство Искусство
d Дата издания 1988
215 Физическое описание __
a Объем 384 с.
c Иллюстрации/тип воспроизводства ил.
606 Тематические рубрики __
a Основная рубрика Музыка и зрелищные искусства
2 Код системы nlr_sh
606 Тематические рубрики __
a Основная рубрика Художественно-игровое кино
2 Код системы nlr_sh
610 Ключевые слова 0_
a Ключевые слова режиссеры; публицистика; писатели; киноактеры; киноактрисы; персоналии; художественные фильмы; кинокритика; кинорежиссеры; кинорежиссура; русское киноискусство; русское кино
686 Индексы других классификаций __
a Классификационный индекс 85.374(2); ст85.373(2)
2 Код системы rubbks
702 Вторичная интеллектуальная ответственность _1
a Фамилия Касьянова
b Имя Л. И.
4 Код отношения 220
f Даты 1936-
g Полное личное имя Людмила Ивановна
801 Источник записи _0
a Страна RU
b Организация Муниципальное бюджетное учреждение культуры "Централизованная библиотечная система" г. Сургут (Центральная городская библиотека им. А. С. Пушкина)
g Правила каталогизации PSBO
801 Источник записи _1
a Страна RU
b Организация Муниципальное бюджетное учреждение культуры "Централизованная библиотечная система" г. Сургут (Центральная городская библиотека им. А. С. Пушкина)
g Правила каталогизации PSBO
852 Данные о местонахождении __
j Шифр хранения 85.374(2)
c Каталожный индекс 85.374(2)
i Авторский знак М 74
p Инвентарный номер 35063
901 Тип документа __
t Тип документа m
a Ответственный КиК/Уланова
901 Тип документа __
a Ответственный СКБР2024
903 Характеристики (МАРС) __
c Наименование библиотеки (МАРС) Муниципальное бюджетное учреждение культуры "Централизованная библиотечная система" г. Сургут (Центральная городская библиотека им. А. С. Пушкина)
990 Данные о заказе (DOS) __
j Количество экземпляров (DOS) 5